Airlines that serve Dallas-Fort Worth (DFW) - Statistics

General Stats
  • This quiz has been taken 19 times
  • The average score is 19 of 34
Answer Stats
Airline % Correct
American Airlines
100%
Delta Air Lines
90%
Emirates
90%
Frontier Airlines
90%
United Airlines
90%
Air Canada
80%
Alaska Airlines
80%
British Airways
80%
Spirit Airlines
80%
Aeroméxico
70%
Air France
70%
Lufthansa
70%
Qantas
70%
Japan Airlines
60%
Qatar Airways
60%
Avianca
50%
Cathay Pacific
50%
Finnair
50%
Iberia
50%
JetBlue
50%
Korean Air
50%
Sun Country Airlines
50%
Turkish Airlines
50%
Viva
50%
Denver Air Connection
40%
EVA Air
40%
Volaris
40%
Avelo Airlines
30%
Breeze Airways
30%
Fiji Airways
30%
Southern Airways Express
30%
Contour Airlines
20%
Royal Jordanian Airlines
10%
Avianca El Salvador
0%
No matching quizzes found
Score Distribution
Percent of People with Each Score
Percentile by Number Answered
Your Score History
You have not taken this quiz